000 00495nam a22001697a 4500
003 OSt
005 20251028100136.0
008 251028b |||||||| |||| 00| 0 eng d
040 _cMRSPTU
041 _aENG
100 _aBhatia, Monika
245 _aImpact of Board’s Gender Diversity on Profitability Evidence from Indian Banking Sector
260 _aBathinda
_bMRSPTU
_c2023
650 _aManagement
856 _uhttp://163.47.215.52:8080/jspui/handle/123456789/838
942 _2ddc
_cTH
_n0
999 _c10589
_d10589